000 00556nam a2200241 a 4500
001 nice12345678
003 IN_TiNIC
005 20260116011258.0
008 050524s1963 lona grp 000 0 eng
020 _a
_c897.6
082 0 0 _a239
_bRIC1
100 _aRichardson, Alan
245 _aChristian Apologetics.
260 _aLondon
_bSCM Press
_c1963
300 _a256p
500 _aincludes index and biblioraphy
505 2 _aIndex
650 _aApologetics
700 1 _aRichardson, Alan
902 _bSRS
942 _cBK
999 _c120
_d120